000 00497pab a2200181 454500
008 180718b2006 xxu||||| |||| 00| 0 eng d
100 _aBose, Sukanya
245 _aJapanese economic recovery and the macroeconomic policy mix
260 _c2006
300 _ap.3535-543
362 _a12 Aug
650 _aMacroeconomics - Japan
650 _aJapan - Economic policy
650 _aEconomics - Japan
650 _aEconomic growth
773 _aEconomic and Political Weekly
909 _a70719
999 _c70719
_d70719